Friends not masters : a political autobiography (Record no. 71183)

000 -LEADER
fixed length control field 00465nam a22001817a 4500
003 - CONTROL NUMBER IDENTIFIER
control field NUST - PNEC
005 - DATE AND TIME OF LATEST TRANSACTION
control field 20170116181155.0
008 - FIXED-LENGTH DATA ELEMENTS--GENERAL INFORMATION
fixed length control field 160111b xxu||||| |||| 00| 0 eng d
020 ## - INTERNATIONAL STANDARD BOOK NUMBER
International Standard Book Number -
040 ## - CATALOGING SOURCE
Transcribing agency LIBRARY
082 ## - DEWEY DECIMAL CLASSIFICATION NUMBER
Classification number 923.1549 AYU
100 ## - MAIN ENTRY--PERSONAL NAME
9 (RLIN) 15874
Personal name Ayub, Muhamad Khan
245 ## - TITLE STATEMENT
Title Friends not masters : a political autobiography
Statement of responsibility, etc. Mohammad Ayub Khan
250 ## - EDITION STATEMENT
Edition statement -
260 ## - PUBLICATION, DISTRIBUTION, ETC.
Date of publication, distribution, etc. c.1967
650 ## - SUBJECT ADDED ENTRY--TOPICAL TERM
9 (RLIN) 15877
Topical term or geographic name entry element Political
General subdivision General
942 ## - ADDED ENTRY ELEMENTS (KOHA)
Source of classification or shelving scheme
Koha item type Book
Holdings
Withdrawn status Lost status Source of classification or shelving scheme Damaged status Not for loan Permanent Location Current Location Shelving location Date acquired Total Checkouts Full call number Barcode Date last seen Price effective from Koha item type
          Pakistan Navy Engineering College (PNEC) Pakistan Navy Engineering College (PNEC)       923.1549 AYU PNECLIB-002176 01/11/2016   Book
© 2023 Central Library, National University of Sciences and Technology. All Rights Reserved.